书目信息 |
| 题名: |
中国材料工程大典
|
|
| 作者: | 干勇 卷主编 ;中国机械工程学会 , 中国材料研究学会 编 | |
| 分册: | 第3卷 钢铁材料工程(下) | |
| 出版信息: | 北京 化学工业出版社 2006 |
|
| 页数: | 1179页 | |
| 开本: | 31cm | |
| 丛书名: | ||
| 单 册: | ||
| 中图分类: | TB3 , TG141-62 | |
| 科图分类: | ||
| 主题词: | 工程材料--手册 , 黑色金属--金属材料--手册 , 工程材料 , 黑色金属 , 金属材料 | |
| 电子资源: | ||
| ISBN: | 7-5025-7305-4 | |
| 000 | 01326nam0 2200349 450 | |
| 001 | 003062836 | |
| 005 | 20080310102220.71 | |
| 010 | @a7-5025-7305-4@b精装@dCNY210.00 | |
| 035 | @a003062836 | |
| 100 | @a20060116d2006 em y0chiy0110 ea | |
| 101 | 0 | @achi |
| 102 | @aCN@b110000 | |
| 105 | @aa z 000yy | |
| 106 | @ar | |
| 200 | 1 | @a中国材料工程大典@Azhong guo cai liao gong cheng da dian@h第3卷@i钢铁材料工程(下)@h下@f干勇[等本卷]主编@g中国机械工程学会,中国材料研究学会,中国材料工程大典编委会[编] |
| 210 | @a北京@c化学工业出版社@d2006 | |
| 215 | @a1179页@c彩照,图@d31cm | |
| 304 | @a本卷主编还有:田志凌、董瀚、冯涤、王新林 | |
| 330 | @a本书主要内容包括合金结构钢、合金弹簧钢、滚动轴承钢、合金工具钢、高速工具钢、不锈钢、耐热钢、耐磨钢、易切削钢、超高强度钢、高强度不锈钢、低温钢、无磁钢、钎钢等。 | |
| 517 | 1 | @a钢铁材料工程(下)@Agang tie cai liao gong cheng(xia) |
| 606 | 0 | @a工程材料@j手册 |
| 606 | 0 | @a黑色金属@x金属材料@j手册 |
| 606 | 0 | @a工程材料 |
| 606 | 0 | @a黑色金属 |
| 606 | 0 | @a金属材料 |
| 690 | @aTB3@v4 | |
| 690 | @aTG141-62@v4 | |
| 701 | 0 | @a干勇@Agan yong@f(1947~)@4卷主编 |
| 712 | 02 | @a中国机械工程学会@Azhong guo ji xie gong cheng xue hui@4编 |
| 712 | 02 | @a中国材料研究学会@Azhong guo cai liao yan jiu xue hui@4编 |
| 801 | 0 | @aCN@bNLC@c20080310 |
| 905 | @dTB3@e183:3(2)@f2 | |
| 中国材料工程大典.第3卷.钢铁材料工程(下).下/干勇[等本卷]主编/中国机械工程学会,中国材料研究学会,中国材料工程大典编委会[编].-北京:化学工业出版社,2006 |
| 1179页:彩照,图;31cm |
| ISBN 7-5025-7305-4(精装):CNY210.00 |
| 本书主要内容包括合金结构钢、合金弹簧钢、滚动轴承钢、合金工具钢、高速工具钢、不锈钢、耐热钢、耐磨钢、易切削钢、超高强度钢、高强度不锈钢、低温钢、无磁钢、钎钢等。 |
| ● |
| 相关链接 |
|
|
|
|
正题名:中国材料工程大典
索取号:TB3/183:3(2)
 
预约/预借
| 序号 | 登录号 | 条形码 | 馆藏地/架位号 | 状态 | 备注 |
| 1 | 0614854 | 206148541 | 第二样本阅览室/ [索取号:TB3/183:3(2)] | 在馆 | |
| 2 | 0614855 | 206148550 | 密集书库/ [索取号:TB3/183:3(2)] | 在馆 |